[Event "Helsingor Xtracon op"]
[Site "Helsingor"]
[Date "2019.07.23"]
[Round "5"]
[White "Sorensen, Bernhard"]
[Black "Hansen, Aksel"]
[Result "1-0"]
[WhiteElo "1567"]
[BlackElo "1790"]
[PlyCount "51"]
[EventDate "2019.07.20"]
[EventType "swiss"]
[EventRounds "10"]
[EventCountry "DEN"]
[SourceTitle "CBM 191 Extra"]
[Source "ChessBase"]
[SourceDate "2019.09.30"]
[SourceVersion "1"]
[SourceVersionDate "2019.09.30"]
[SourceQuality "1"]

1. d4 d5 2. Bf4 Nf6 3. e3 g6 4. Nd2 Bg7 5. Be2 0-0 6. Ngf3 c5 7. c3 cxd4 8. exd4 Nc6 9. 0-0 Bg4 10. Re1 Qd7 11. Bb5 Rfe8 12. Qc2 Rac8 13. Ne5 Qf5 14. Qxf5 Bxf5 15. h3 a6 16. Bf1 b5 17. Ndf3 Nxe5 18. Bxe5 h6 19. Re3 Bd7 20. Rae1 e6 21. a3 Rc6 22. Bd3 Rec8 23. Bh2 Rb6 24. Ne5 Bf8 25. Rf3 Kg7 26. Rxf6 1-0

[Event "DEN-ch G5-2"]
[Site "Svendborg"]
[Date "2018.03.31"]
[Round "3"]
[White "Winther, Bjarke Rosenborg"]
[Black "Hansen, Aksel"]
[Result "1/2-1/2"]
[WhiteElo "1753"]
[BlackElo "1816"]
[PlyCount "87"]
[EventDate "2018.03.29"]
[EventType "swiss"]
[EventRounds "5"]
[EventCountry "DEN"]
[SourceTitle "EXT 2019"]
[Source "ChessBase"]
[SourceDate "2018.10.10"]
[SourceVersion "1"]
[SourceVersionDate "2018.10.10"]
[SourceQuality "1"]

1. e4 c5 2. Nf3 Nc6 3. d4 cxd4 4. Nxd4 Nf6 5. Nc3 a6 6. Bc4 e6 7. Bb3 Na5 8. e5 Nxb3 9. Nxb3 Ng8 10. 0-0 d5 11. exd6 Qxd6 12. Qxd6 Bxd6 13. Ne4 Bc7 14. Rd1 Ke7 15. Be3 b6 16. c4 f5 17. Nc3 Bb7 18. f3 Nf6 19. Na4 Nd7 20. c5 b5 21. c6 Bxc6 22. Rac1 Bd5 23. Rxc7 bxa4 24. Nc5 Rhd8 25. Bg5+ Kd6 26. Bxd8 Rxd8 27. Nxa6 Ra8 28. Rxd7+ Kxd7 29. Nb4 Kd6 30. a3 Rc8 31. Kf2 Ke5 32. Re1+ Kd6 33. Rd1 g5 34. g3 h5 35. h3 Rc4 36. Rd2 Rc1 37. Nd3 Rc4 38. Ke3 e5 39. f4 exf4+ 40. gxf4 gxf4+ 41. Nxf4 Re4+ 42. Kf3 Rd4+ 43. Ke3 Re4+ 44. Kf3 1/2-1/2

[Event "Horsens Lang Weekend"]
[Site "Horsens"]
[Date "2017.07.14"]
[Round "3"]
[White "Antonsen, Mikkel"]
[Black "Hansen, Aksel"]
[Result "1-0"]
[WhiteElo "2428"]
[BlackElo "1791"]
[PlyCount "105"]
[EventDate "2017.07.13"]
[EventType "swiss"]
[EventRounds "7"]
[EventCountry "DEN"]
[SourceTitle "EXT 2018"]
[Source "ChessBase"]
[SourceDate "2017.10.13"]
[SourceVersion "1"]
[SourceVersionDate "2017.10.13"]
[SourceQuality "1"]

1. d4 Nf6 2. Nf3 g6 3. c4 Bg7 4. Nc3 d6 5. e4 c6 6. Be2 Bg4 7. 0-0 0-0 8. Be3 Nbd7 9. h3 Bxf3 10. Bxf3 e5 11. d5 c5 12. a3 a6 13. b4 Ne8 14. Rb1 b6 15. Qa4 b5 16. Qb3 cxb4 17. axb4 bxc4 18. Qxc4 Rc8 19. Qb3 f5 20. Ra1 f4 21. Bd2 Rb8 22. Qc4 Qb6 23. Bg4 Nef6 24. Be6+ Kh8 25. Rxa6 Qxb4 26. Qxb4 Rxb4 27. Bxd7 Nxd7 28. Rxd6 Nc5 29. f3 Rfb8 30. Nd1 Bf8 31. Rc6 Rb1 32. Ba5 Nd7 33. Bc3 Kg8 34. Rc7 R1b7 35. Rxb7 Rxb7 36. Nf2 Rb3 37. Ba5 Bc5 38. Kh2 Kf7 39. Bd8 Rb8 40. Bg5 Rb3 41. Ng4 Rb2 42. Rc1 Bd6 43. Rc6 Rb6 44. Bd8 Rxc6 45. dxc6 Ke8 46. Ba5 Nc5 47. Nf6+ Kf7 48. Nd5 Ke8 49. Bb4 Kd8 50. Bxc5 Bxc5 51. g3 g5 52. g4 h6 53. Kg2 1-0

[Event "DEN-ch G5-A"]
[Site "Skorping"]
[Date "2014.04.18"]
[Round "2"]
[White "Hansen, Aksel"]
[Black "Petersen, Jan Han"]
[Result "0-1"]
[WhiteElo "1720"]
[BlackElo "1771"]
[PlyCount "88"]
[EventDate "2014.04.17"]
[EventType "swiss"]
[EventRounds "5"]
[EventCountry "DEN"]
[SourceTitle "EXT 2023"]
[Source "ChessBase"]
[SourceDate "2022.10.05"]
[SourceVersion "1"]
[SourceVersionDate "2022.10.05"]
[SourceQuality "1"]

1. d4 Nf6 2. c4 e6 3. Nc3 d5 4. cxd5 exd5 5. Nf3 Bf5 6. Bg5 Be7 7. e3 c6 8. Bd3 Bxd3 9. Qxd3 Nbd7 10. 0-0 0-0 11. Rfe1 Ne4 12. Bxe7 Qxe7 13. Nd2 Nxd2 14. Qxd2 f5 15. f3 Qg5 16. Re2 Rae8 17. Rae1 Nf6 18. Qc2 h5 19. Qb3 b6 20. e4 fxe4 21. Nxe4 Nxe4 22. Rxe4 Rxe4 23. Rxe4 Qc1+ 24. Kf2 Qd2+ 25. Kf1 Kh7 26. Re5 Qxd4 27. Rxh5+ Kg6 28. Rh3 Qd2 29. Qc3 Qxc3 30. bxc3 Rf4 31. Rg3+ Kf6 32. Rg4 Rxg4 33. fxg4 Kg5 34. h3 b5 35. Kf2 c5 36. g3 a5 37. Kf3 b4 38. h4+ Kg6 39. cxb4 axb4 40. Ke3 Kf6 41. Kf4 c4 42. g5+ Kg6 43. g4 b3 44. h5+ Kh7 0-1